Spell the Marvel Character #422 - Statistics

General Stats
  • This quiz has been taken 9 times
  • The average score is 6 of 7
Answer Stats
Picture Answer % Correct
Outlaw
100%
Dazzler
89%
Rage
89%
Speed
89%
Honey Badger
78%
Shroud
78%
Ulysses Bloodstone
78%
No matching quizzes found
Score Distribution
Percent of People with Each Score
Percentile by Number Answered
Your Score History
You have not taken this quiz